00481nam a2200169Ia 450000500170000000800410001702000220005804100080008008200150008810000160010324500720011926000370019130000090022850000230023765000230026070000280028320230323122520.0230125s9999 xx 000 0 und d a978-1-4398-9653-2 aeng a004.1bHAR aHardoon D R aGetting Started with Business AnalyticsbInsightful Decision Making c2014bTaylor & FrancisaNew York a176p aBusiness Analytics aBusiness Analytics aHardoon D R & Shmueli G